[Event "Snorlax # 28"]
[Site "SchemingMind.com"]
[Date "2009.03.31"]
[Round "-"]
[White "Orhany24"]
[Black "Joe Daudish"]
[Result "0-1"]
[WhiteCountry "TUR"]
[BlackCountry "USA"]
[WhiteElo "1766"]
[WhiteRD "69"]
[BlackElo "1734"]
[BlackRD "47"]
[GameID "198648"]

1. d4 d5 2. c4 dxc4 3. e4 e6 4. Bxc4 c6 5. Ne2 Nf6 6. Nbc3 Be7 7. O-O Nbd7 8. f4 b5 9. Bd3 Bb7 10. a3 Nb6
11. b3 a5 12. Be3 O-O 13. h3 a4 14. b4 Rc8 15. Rc1 Ne8 16. g4 g6 17. f5 exf5 18. exf5 Nd5 19. Bh6 Ng7 20. Bb1 f6
21. fxg6 hxg6 22. Bxg6 Nxc3 23. Nxc3 Qd6
0-1

[Event "Snorlax # 28"]
[Site "SchemingMind.com"]
[Date "2009.03.31"]
[Round "-"]
[White "rao"]
[Black "Orhany24"]
[Result "0-1"]
[WhiteCountry "INT"]
[BlackCountry "TUR"]
[WhiteElo "1546"]
[WhiteRD "75"]
[BlackElo "1766"]
[BlackRD "69"]
[GameID "198649"]

1. e4 c5 2. Bc4 Nc6 3. d3 e6 4. Nh3 d5 5. Bb5 a6 6. Bxc6+ bxc6 7. Qf3 e5 8. Bg5 f6 9. Be3 d4 10. Bd2 Bd6
11. Na3 Ne7 12. Nc4 O-O 13. Qg3 Ng6 14. b3 Bc7 15. a3 f5 16. Bg5 Qd7 17. Nd2 f4 18. Qf3 h6 19. Qh5 Kh7 20. Nf3 Qd6
21. Nd2 Bxh3 22. Qxh3 Kg8
0-1

[Event "Snorlax # 28"]
[Site "SchemingMind.com"]
[Date "2009.03.31"]
[Round "-"]
[White "Joe Daudish"]
[Black "Orhany24"]
[Result "1/2-1/2"]
[WhiteCountry "USA"]
[BlackCountry "TUR"]
[WhiteElo "1730"]
[WhiteRD "45"]
[BlackElo "1752"]
[BlackRD "69"]
[GameID "198650"]

1. d4 d5 2. Nf3 e6 3. Bf4 h6 4. e3 Nf6 5. h3 Bd6 6. Bxd6 Qxd6 7. c3 O-O 8. Bd3 c5 9. O-O Nbd7 10. Nbd2 c4
11. Bc2 b6 12. e4 dxe4 13. Nxe4 Qc6 14. Nxf6+ Nxf6 15. Ne5 Qc7 16. Qe2 Bb7 17. Qxc4 Qd6 18. Qe2 Nd5 19. Qe4 f5 20. Qh4 Nf6
21. f3 Kh7 22. Rae1 Rae8 23. Rf2 g5 24. Qg3 Nh5 25. Qh2 Kg7 26. h4 Rh8 27. Rfe2 Nf4 28. Re3 Nd5 29. R3e2 Nf4 30. Rf2 Ng6
31. Nxg6 Qxh2+ 32. Kxh2 Kxg6 33. Rfe2 Kf6 34. hxg5+ hxg5+ 35. Kg3 b5 36. a3 a6 37. Re5 f4+ 38. Kf2 Bd5 39. Be4 Bc4 40. Bb7 a5
41. Be4 a4 42. Bc6 Rb8 43. Be4=
1/2-1/2

[Event "Snorlax # 28"]
[Site "SchemingMind.com"]
[Date "2009.04.03"]
[Round "-"]
[White "Zugzwang"]
[Black "Orhany24"]
[Result "1-0"]
[WhiteCountry "CAN"]
[BlackCountry "TUR"]
[WhiteElo "1495"]
[WhiteRD "59"]
[BlackElo "1766"]
[BlackRD "69"]
[GameID "198952"]

1. d4 d5 2. Nf3 Nf6 3. e3 e6 4. Bd3 Bd6 5. Nbd2 O-O 6. O-O c5 7. c3 a6 8. Qe2 c4 9. Bc2 b5 10. e4 dxe4
11. Nxe4 Be7 12. Nxf6+ Bxf6 13. Qe4 g6 14. Qxa8 Qc7 15. Qe4 Bb7 16. Qe3 Nc6 17. Qh6 Bg7 18. Qh4 Ne7 19. Ng5 h6 20. Nh3 Nf5
21. Qf4 Qd7 22. Bxf5 exf5 23. Re1 g5 24. Qd2 Qd5 25. f3 f6 26. Re2 g4 27. fxg4 fxg4 28. Nf4 Qf5 29. Re7 Be4 30. d5 Rd8
31. Ne6 Rxd5 32. Rxg7+
1-0

[Event "Snorlax # 28"]
[Site "SchemingMind.com"]
[Date "2009.04.01"]
[Round "-"]
[White "Zugzwang"]
[Black "rao"]
[Result "1-0"]
[WhiteCountry "CAN"]
[BlackCountry "INT"]
[WhiteElo "1495"]
[WhiteRD "59"]
[BlackElo "1546"]
[BlackRD "75"]
[GameID "198953"]

1. d4 d5 2. Nf3 Bf5 3. c4 dxc4 4. e3 b5 5. b3 Be6 6. Nc3 c6 7. Ne5 a6 8. Be2 Qa5 9. Bd2 Qc7 10. e4 Nf6
11. Bf4 Qd8 12. O-O Nfd7 13. d5 cxd5 14. exd5 Bf5 15. Re1
1-0

[Event "Snorlax # 28"]
[Site "SchemingMind.com"]
[Date "2009.04.03"]
[Round "-"]
[White "Orhany24"]
[Black "Zugzwang"]
[Result "1-0"]
[WhiteCountry "TUR"]
[BlackCountry "CAN"]
[WhiteElo "1766"]
[WhiteRD "69"]
[BlackElo "1495"]
[BlackRD "59"]
[GameID "198955"]

1. e4 e5 2. Nf3 Nf6 3. Nc3 Bb4 4. Bc4 O-O 5. O-O Nc6 6. Re1 d6 7. a3 Bxc3 8. bxc3 Re8 9. d4 exd4 10. cxd4 Nxe4
11. h3 Nf6 12. c3 Rxe1+ 13. Qxe1 Bf5 14. Bg5 Qe8 15. Qd1 Ne4 16. Bd2 Nxd2 17. Qxd2 a5 18. Re1 Qd7 19. Ng5 Bg6 20. Qf4 Rf8
21. Re3 Kh8 22. Rf3 f5 23. Qh4 h6 24. Re3 f4 25. Re6 Bf5 26. Rxh6+ gxh6 27. Qxh6+ Bh7 28. Qxf8+ Bg8 29. Qxg8#
1-0

[Event "Snorlax # 28"]
[Site "SchemingMind.com"]
[Date "2009.04.01"]
[Round "-"]
[White "rao"]
[Black "Zugzwang"]
[Result "0-1"]
[WhiteCountry "INT"]
[BlackCountry "CAN"]
[WhiteElo "1546"]
[WhiteRD "75"]
[BlackElo "1495"]
[BlackRD "59"]
[GameID "198956"]

1. e4 e5 2. Bc4 Nf6 3. Qf3 Nc6 4. c3 Bc5 5. d3 O-O 6. Nh3 d6 7. Bg5 h6 8. Bxf6 Qxf6 9. Qxf6 gxf6 10. Ng1 Kh8
11. Nf3 Be6 12. Nh4 Bxc4 13. dxc4 Rg8 14. g3 Rg4
0-1

[Event "Snorlax # 28"]
[Site "SchemingMind.com"]
[Date "2009.04.06"]
[Round "-"]
[White "Joe Daudish"]
[Black "Zugzwang"]
[Result "1-0"]
[WhiteCountry "USA"]
[BlackCountry "CAN"]
[WhiteElo "1734"]
[WhiteRD "47"]
[BlackElo "1495"]
[BlackRD "59"]
[GameID "198957"]

1. d4 f5 2. Nf3 Nf6 3. Bf4 e6 4. h3 c6 5. e3 d5 6. Be2 Be7 7. Nbd2 O-O 8. O-O Bd7 9. Re1 Be8 10. c4 Bh5
11. Ne5 Bxe2 12. Qxe2 Nbd7 13. c5 Nxe5 14. Bxe5 Nd7 15. Bf4 Rf6 16. b4 Rg6 17. Nf3 Bh4 18. Nxh4 Qxh4 19. Bg3 Qf6 20. a4 b6
21. Reb1 bxc5 22. bxc5 Rb8 23. Bxb8 Nxb8 24. Rxb8+ Kf7 25. Rab1 Qg5 26. R1b7+
1-0

[Event "Snorlax # 28"]
[Site "SchemingMind.com"]
[Date "2009.04.01"]
[Round "-"]
[White "crespov"]
[Black "Zugzwang"]
[Result "1-0"]
[WhiteCountry "CHI"]
[BlackCountry "CAN"]
[WhiteElo "1651"]
[WhiteRD "74"]
[BlackElo "1495"]
[BlackRD "59"]
[GameID "198993"]

1. e4 e5 2. Nf3 Nf6 3. Nc3 Bb4 4. d3 O-O 5. Bd2 d6 6. Be2 Nc6 7. O-O Be6 8. a3 Bc5 9. b4 Bb6 10. Na4 a5
11. Nxb6 cxb6 12. c3 h6 13. h3 Rc8 14. d4 exd4 15. b5 Ne5 16. cxd4 Nxf3+ 17. Bxf3 Rc4 18. d5 Bd7 19. a4 Re8 20. Re1 Nxe4
21. Bxe4 Rcxe4 22. Qf3 R4e7 23. Rxe7 Rxe7 24. Qg3 Kh7 25. Bc3 g6= 26. Qxd6 Re2 27. Qf4 Qe8 28. Qf6 Qg8 29. Qxb6 Qe8 30. Qf6 Qg8
31. Bxa5 Rd2 32. Bxd2
1-0

[Event "Snorlax # 28"]
[Site "SchemingMind.com"]
[Date "2009.04.03"]
[Round "-"]
[White "crespov"]
[Black "Orhany24"]
[Result "1-0"]
[WhiteCountry "CHI"]
[BlackCountry "TUR"]
[WhiteElo "1701"]
[WhiteRD "73"]
[BlackElo "1752"]
[BlackRD "69"]
[GameID "198994"]

1. c4 c5 2. Nc3 Nc6 3. g3 e6 4. Bg2 Nf6 5. d3 d5 6. cxd5 exd5 7. Bf4 a6 8. a3 Be7 9. Nf3 O-O 10. O-O d4
11. Ne4 Nxe4 12. dxe4 f5 13. Nd2 fxe4 14. Nxe4 Be6 15. Rc1 Bd5 16. Nxc5 Bxg2 17. Ne6 Qd5 18. Nc7 Qe4 19. f3 Qf5 20. Kxg2 Rad8
21. Qb3+ Kh8 22. Qxb7 Ne5 23. Qxa6 d3 24. exd3 Nxd3 25. Rc4 Nxb2 26. Re4 Bg5 27. Ne6 Bxf4 28. Rxf4 Rd2+ 29. Kg1
1-0

[Event "Snorlax # 28"]
[Site "SchemingMind.com"]
[Date "2009.04.02"]
[Round "-"]
[White "crespov"]
[Black "rao"]
[Result "1-0"]
[WhiteCountry "CHI"]
[BlackCountry "INT"]
[WhiteElo "1651"]
[WhiteRD "74"]
[BlackElo "1546"]
[BlackRD "75"]
[GameID "198995"]

1. d4 d5 2. c4 dxc4 3. e4 b5 4. Nf3 e6 5. a3 a6 6. Nc3 Bb7 7. Be2 Nc6 8. Bf4 Be7 9. O-O Nf6 10. h3 Na5
11. Rb1 Bxe4 12. Ne5 Bd6 13. Rc1 Nb3 14. f3 Nxc1 15. Qxc1 Bb7 16. Qc2
1-0

[Event "Snorlax # 28"]
[Site "SchemingMind.com"]
[Date "2009.04.06"]
[Round "-"]
[White "crespov"]
[Black "Joe Daudish"]
[Result "0-1"]
[WhiteCountry "CHI"]
[BlackCountry "USA"]
[WhiteElo "1651"]
[WhiteRD "74"]
[BlackElo "1734"]
[BlackRD "47"]
[GameID "198996"]

1. e4 e6 2. d4 d5 3. e5 Ne7 4. Nf3 Ng6 5. Bd3 Be7 6. c4 dxc4 7. Bxc4 c6 8. Nc3 Nd7 9. O-O b5 10. Bd3 Nb6
11. Ne4 Bb7 12. Re1 O-O 13. a3 Nd5 14. Be3 Nxe3 15. fxe3 Qb6 16. Neg5 c5 17. Nh3 a6 18. Rc1 cxd4 19. Bxg6 fxg6 20. Nxd4 Bd5
21. Nf4 Rxf4 22. exf4 Bc5 23. Rxc5 Qxc5 24. Kh1 Rd8 25. Nf3 Rf8 26. Qd2 Qc6 27. Nd4 Qb7 28. Rc1 Bc4 29. Qe3 Bd5 30. Qd2 Rc8
31. Rf1 Rc4 32. Nf3 Qc6 33. Qa5 Rxf4 34. Qd8+ Rf8 35. Qd6 Qxd6 36. exd6 Rd8 37. Rc1 Rxd6 38. Rc8+ Kf7 39. Ng5+ Kf6 40. Nxh7+ Ke5
41. Nf8 Kf5 42. Rc1 Rd8 43. Rf1+ Kg5 44. h3 Bc4 45. Rf2 Kh6 46. Kh2 e5 47. Rf6 gxf6
0-1

[Event "Snorlax # 28"]
[Site "SchemingMind.com"]
[Date "2009.04.02"]
[Round "-"]
[White "Zugzwang"]
[Black "crespov"]
[Result "0-1"]
[WhiteCountry "CAN"]
[BlackCountry "CHI"]
[WhiteElo "1482"]
[WhiteRD "58"]
[BlackElo "1701"]
[BlackRD "73"]
[GameID "198997"]

1. d4 d5 2. Nf3 Nf6 3. e3 Bf5 4. c4 e6 5. Qb3 b6 6. Ne5 Bd6 7. Qa4+ Nbd7 8. cxd5 exd5 9. Nc6 Qc8 10. Ba6 Nc5
11. Qb5 Qxa6 12. Nxa7+ Qxb5 13. Nxb5 Nd3+ 14. Kd2 O-O 15. N1c3 Bg6 16. f4 Nf2 17. Rf1 N6e4+ 18. Nxe4 Nxe4+ 19. Kd1 Bh5+ 20. Kc2 f5
21. Nxd6 Nxd6 22. Bd2 c5 23. Rac1 cxd4 24. exd4 Rxa2 25. Bb4 Rd8 26. Bxd6 Rxd6 27. Kb1 Ra4 28. Rc7 h6 29. Re1 Rxd4 30. Ree7 Rg6
31. Re8+ Kh7 32. Rcc8 Rf6 33. Rh8+ Kg6 34. Rhg8 Rf7 35. h3 Rxf4 36. g3 Rf1+ 37. Ka2 Bf3 38. Rc6+ Kh7 39. Rcc8 Ra7+ 40. Kb3 Bd1+
41. Kc3 Rf3+ 42. Kd4 Bb3 43. Ke5 Rf7 44. h4 h5 45. g4 fxg4 46. Rh8+ Kg6 47. Rc6+ R3f6
0-1

[Event "Snorlax # 28"]
[Site "SchemingMind.com"]
[Date "2009.04.03"]
[Round "-"]
[White "Orhany24"]
[Black "crespov"]
[Result "1-0"]
[WhiteCountry "TUR"]
[BlackCountry "CHI"]
[WhiteElo "1766"]
[WhiteRD "69"]
[BlackElo "1651"]
[BlackRD "74"]
[GameID "198998"]

1. e4 c5 2. Nf3 Nc6 3. d4 e6 4. d5 Nce7 5. c4 g6 6. Nc3 Bg7 7. Qc2 a6 8. Rb1 Nh6 9. Bd3 O-O 10. O-O exd5
11. exd5 d6 12. Bg5 Nhf5 13. Rbe1 Re8 14. Ne4 h6 15. Nf6+ Bxf6 16. Bxf6 Qd7 17. Nh4 Nd4 18. Qd2 Kh7 19. Qf4 b5 20. Bxd4 cxd4
21. Qxf7+ Kh8 22. Nxg6+
1-0

[Event "Snorlax # 28"]
[Site "SchemingMind.com"]
[Date "2009.04.02"]
[Round "-"]
[White "rao"]
[Black "crespov"]
[Result "0-1"]
[WhiteCountry "INT"]
[BlackCountry "CHI"]
[WhiteElo "1546"]
[WhiteRD "75"]
[BlackElo "1651"]
[BlackRD "74"]
[GameID "198999"]

1. e4 c5 2. c4 Nc6 3. d3 e5 4. Nf3 d6 5. Na3 Nf6 6. Bg5 Be7 7. Nb5 a6 8. Nc3 O-O 9. Nd5 Nxd5 10. Bxe7 Ndxe7
11. h3 f5 12. b3 Nd4 13. Be2 b5 14. O-O Ng6 15. Qd2 b4
0-1

[Event "Snorlax # 28"]
[Site "SchemingMind.com"]
[Date "2009.04.01"]
[Round "-"]
[White "aadaam"]
[Black "Zugzwang"]
[Result "1/2-1/2"]
[WhiteCountry "INT"]
[BlackCountry "CAN"]
[WhiteElo "1710"]
[WhiteRD "50"]
[BlackElo "1495"]
[BlackRD "59"]
[GameID "199001"]

1. d4 f5 2. c4 Nf6 3. Nc3 e6 4. g3 c6 5. Bg2 d5 6. cxd5 cxd5 7. Nf3 Nc6 8. Bg5 Be7 9. O-O O-O 10. Rc1 Bd7
11. Ne5 Nxe5 12. dxe5 Ne8 13. Bxe7 Qxe7 14. f4 Nc7 15. e3 b5 16. Ne2 a5 17. Nd4 Ra6 18. Rf2 Bc6 19. Nxc6 Qd7 20. Rfc2 Rc8
21. Nb8 Rxb8 22. Rxc7 Qe8 23. Bf1 Rab6 24. Ra7 a4 25. Rcc7 Qg6 26. Qc2 Re8 27. Qc5 Rbb8 28. Bxb5 Rf8 29. Rxg7+ Qxg7 30. Rxg7+ Kxg7
31. Bxa4 Rxb2 32. Bb3 Rf7 33. Qc3 Re2 34. a4 Ra7 35. h3 h5 36. Kf1 Rh2 37. h4 Kh6 38. Qc5 Rg7 39. a5 Rxg3 40. Qf8+ Kh7=
1/2-1/2

[Event "Snorlax # 28"]
[Site "SchemingMind.com"]
[Date "2009.04.03"]
[Round "-"]
[White "aadaam"]
[Black "Orhany24"]
[Result "1-0"]
[WhiteCountry "INT"]
[BlackCountry "TUR"]
[WhiteElo "1688"]
[WhiteRD "47"]
[BlackElo "1752"]
[BlackRD "69"]
[GameID "199002"]

1. d4 d5 2. c4 e6 3. Nc3 h6 4. cxd5 exd5 5. e3 Nf6 6. Bd3 Bd6 7. a3 O-O 8. b4 c6 9. Bb2 a5 10. b5 Bg4
11. f3 Bd7 12. Nge2 c5 13. a4 b6 14. O-O c4 15. Bc2 Be6 16. e4 dxe4 17. fxe4 Bb4 18. h3 Bc8 19. e5 Nd5 20. Nxd5 Qxd5
21. Nf4 Qd7 22. Qf3 Bb7 23. d5 Bc5+ 24. Kh1 Qe7 25. Qh5 Nd7 26. Ng6 Qg5 27. Qxg5 hxg5 28. Nxf8 Nxf8 29. Rad1 Rd8 30. d6 Ne6
31. Kh2 Nf4 32. g3 Ne2 33. Rd2 c3 34. Rxe2 cxb2 35. Be4 Bxe4 36. Rxe4 Bxd6 37. exd6 Rxd6 38. Re2
1-0

[Event "Snorlax # 28"]
[Site "SchemingMind.com"]
[Date "2009.04.02"]
[Round "-"]
[White "aadaam"]
[Black "rao"]
[Result "0-1"]
[WhiteCountry "INT"]
[BlackCountry "INT"]
[WhiteElo "1710"]
[WhiteRD "50"]
[BlackElo "1546"]
[BlackRD "75"]
[GameID "199003"]

1. e4 e5 2. Nf3 d6 3. d4 exd4 4. Nxd4 h6 5. Bc4 Nf6 6. Nc3 a6 7. O-O Be7 8. Re1 c5 9. Nf5 Nc6 10. Nxe7 Nxe7
11. Nd5 Be6 12. Nxf6+ gxf6 13. Qe2 Qd7 14. Bf4 Ng6 15. Bg3 Ne5 16. Bd5 O-O-O 17. Rad1 h5 18. Bh4 Rh6 19. f4 Ng6 20. Bg3 Bg4
21. Qc4 Bxd1 22. Bxf7 Bg4
0-1

[Event "Snorlax # 28"]
[Site "SchemingMind.com"]
[Date "2009.04.02"]
[Round "-"]
[White "aadaam"]
[Black "crespov"]
[Result "1-0"]
[WhiteCountry "INT"]
[BlackCountry "CHI"]
[WhiteElo "1710"]
[WhiteRD "50"]
[BlackElo "1651"]
[BlackRD "74"]
[GameID "199004"]

1. e4 e5 2. Nf3 Nc6 3. Bb5 d6 4. d4 exd4 5. Nxd4 Bd7 6. Nxc6 bxc6 7. Ba4 Nf6 8. Qf3 Be7 9. e5 dxe5 10. Bxc6 Bxc6
11. Qxc6+ Nd7 12. O-O O-O 13. b3 Nb6 14. Bb2 Bd6 15. Re1 Re8 16. Nc3 Bb4 17. a3 Bd6 18. Rad1 Qh4 19. Ne4 Rad8 20. Nxd6 cxd6
21. Rxd6 Re6 22. Rxe6 fxe6 23. Qxe6+ Kf8 24. Qxe5 Qh6 25. Qe7+
1-0

[Event "Snorlax # 28"]
[Site "SchemingMind.com"]
[Date "2009.04.06"]
[Round "-"]
[White "aadaam"]
[Black "Joe Daudish"]
[Result "1/2-1/2"]
[WhiteCountry "INT"]
[BlackCountry "USA"]
[WhiteElo "1688"]
[WhiteRD "47"]
[BlackElo "1730"]
[BlackRD "45"]
[GameID "199005"]

1. d4 d5 2. c4 e6 3. Nc3 Nf6 4. Bg5 Be7 5. e3 h6 6. Bh4 c6 7. cxd5 exd5 8. Bd3 Be6 9. Nf3 Nbd7 10. O-O O-O
11. Rc1 Ne8 12. Bxe7 Qxe7 13. a3 Nef6 14. Qe2 Rfc8 15. Ne5 Nxe5 16. dxe5 Nd7 17. f4 Nc5 18. Bc2 b6 19. b4 Nb7 20. Bd3 c5
21. Ba6 cxb4 22. axb4 Rab8 23. Nb5 Qxb4 24. Bxb7 Rxc1 25. Rxc1 Rxb7 26. Nd6 Rb8 27. f5 Bd7 28. Qh5 Rf8 29. f6 Qg4 30. Qxg4 Bxg4
31. Rc7 a6 32. Rb7 gxf6 33. exf6 Be6 34. Rxb6 Ra8 35. Kf2 Kh7 36. e4 dxe4 37. Nxe4 Kg6 38. Nc5 a5 39. Nxe6 fxe6 40. Rxe6 Kf7
41. Rc6 a4 42. Rc2 Kxf6 43. h3 a3 44. Ra2 Ke5 45. Ke3 Ra4 46. g3 h5 47. g4 hxg4=
1/2-1/2

[Event "Snorlax # 28"]
[Site "SchemingMind.com"]
[Date "2009.04.02"]
[Round "-"]
[White "Zugzwang"]
[Black "aadaam"]
[Result "0-1"]
[WhiteCountry "CAN"]
[BlackCountry "INT"]
[WhiteElo "1495"]
[WhiteRD "59"]
[BlackElo "1710"]
[BlackRD "50"]
[GameID "199006"]

1. d4 Nf6 2. Nf3 g6 3. e3 Bg7 4. b3 O-O 5. Bb2 c5 6. Nbd2 cxd4 7. exd4 a6 8. Be2 b5 9. O-O Bb7 10. Re1 d6
11. Nf1 Nbd7 12. Ng3 e6 13. Ng5 h6 14. Bf3 Bxf3 15. Nxf3 Nb6 16. Rc1 Rc8 17. Ne4 Nxe4 18. Rxe4 d5 19. Rh4 g5 20. Rg4 f5
21. Rg3 Rc6 22. Ne5 Bxe5 23. dxe5 Qc7 24. Rh3 Kg7 25. Qh5 Rh8 26. Bd4 Nd7 27. c3 b4 28. Rg3 bxc3 29. Rgxc3 Rxc3 30. Rxc3 Qa5
31. h3 Rf8 32. a4 Qb4 33. Rc7 Rf7 34. Qd1 Nb6 35. Rxf7+ Kxf7 36. Bxb6 Qxb6 37. g3 Kg6 38. Kg2 a5 39. f4 Qb4 40. Kf3 Qe4+
41. Kf2 gxf4 42. gxf4 Qxf4+ 43. Qf3 Qxe5 44. Qg2+ Kf6 45. Qf3 Qb2+ 46. Kg3 e5 47. Qxd5 f4+ 48. Kg4 Qe2+ 49. Qf3 h5+
0-1

[Event "Snorlax # 28"]
[Site "SchemingMind.com"]
[Date "2009.04.03"]
[Round "-"]
[White "Orhany24"]
[Black "aadaam"]
[Result "1-0"]
[WhiteCountry "TUR"]
[BlackCountry "INT"]
[WhiteElo "1766"]
[WhiteRD "69"]
[BlackElo "1710"]
[BlackRD "50"]
[GameID "199007"]

1. d4 Nf6 2. c4 g6 3. Nc3 d5 4. e3 Bg7 5. Nf3 c6 6. Be2 dxc4 7. Bxc4 O-O 8. O-O b5 9. Bb3 Bb7 10. a4 a6
11. axb5 cxb5 12. Bc2 Nbd7 13. b4 Nb6 14. e4 Nc4 15. Be3 Nxe3 16. fxe3 Rc8 17. Qd2 Qc7 18. Ra3 Rfd8 19. Rc1 Nxe4 20. Nxe4 Bxe4
21. Ra2 Bxc2 22. Raxc2 Qb7 23. Qd3 Rxc2 24. Rxc2 e5 25. Qc3 exd4 26. Nxd4 Qb6 27. Rd2 Bxd4 28. Rxd4 Rxd4 29. exd4 a5 30. bxa5
1-0

[Event "Snorlax # 28"]
[Site "SchemingMind.com"]
[Date "2009.04.02"]
[Round "-"]
[White "rao"]
[Black "aadaam"]
[Result "0-1"]
[WhiteCountry "INT"]
[BlackCountry "INT"]
[WhiteElo "1570"]
[WhiteRD "70"]
[BlackElo "1688"]
[BlackRD "47"]
[GameID "199008"]

1. e4 e6 2. Nh3 d5 3. e5 c5 4. d3 Nc6 5. Qh5 g6 6. Qe2 Bg7 7. Bf4 Nge7 8. c3 b5 9. g3 O-O 10. Bg2 Qc7
11. O-O Bxe5 12. Bg5 f6 13. Bh6 Re8 14. Na3 Ba6 15. Nf4 Qd7 16. Nc2 g5 17. Nh5 Nf5 18. Bxg5 fxg5 19. Qg4 h6 20. Qd1 Rf8
21. d4 cxd4 22. Qd3 dxc3 23. bxc3 Rac8 24. a3 Na5 25. Ra2 Rxc3 26. Qe2 Bf6 27. Re1 e5 28. Nxf6+ Rxf6 29. Qxe5 Rxc2 30. Rxc2 Rd6
31. Qc3 Nc4 32. Rce2 d4 33. Re8+ Kf7 34. Qd3 b4 35. Bh3 Nce3 36. Qb3+ Kxe8 37. Qg8+ Ke7 38. Qh7+ Kd8 39. Qg8+ Kc7 40. Rc1+ Kb6
41. fxe3 dxe3 42. Qb8+ Bb7 43. Bxf5 Rd1+ 44. Rxd1 Qxd1#
0-1

[Event "Snorlax # 28"]
[Site "SchemingMind.com"]
[Date "2009.04.02"]
[Round "-"]
[White "crespov"]
[Black "aadaam"]
[Result "1-0"]
[WhiteCountry "CHI"]
[BlackCountry "INT"]
[WhiteElo "1651"]
[WhiteRD "74"]
[BlackElo "1710"]
[BlackRD "50"]
[GameID "199009"]

1. c4 Nf6 2. Nc3 g6 3. g3 Bg7 4. Bg2 O-O 5. d3 d6 6. e4 e5 7. Nge2 c6 8. O-O Re8 9. Rb1 Be6 10. f4 Na6
11. a3 exf4 12. Bxf4 Nh5 13. Be3 Nc7 14. Nf4 Nxf4 15. Bxf4 Qe7 16. Qd2 Rad8 17. b4 d5 18. exd5 cxd5 19. c5 d4 20. Ne4 Nd5
21. Nd6 Rf8 22. Rfe1 Nxf4 23. Qxf4 b6 24. Bd5 Qd7 25. Be4 f5 26. Bg2 Bf6 27. Re2 g5 28. Qf2
1-0

[Event "Snorlax # 28"]
[Site "SchemingMind.com"]
[Date "2009.04.06"]
[Round "-"]
[White "Joe Daudish"]
[Black "aadaam"]
[Result "1/2-1/2"]
[WhiteCountry "USA"]
[BlackCountry "INT"]
[WhiteElo "1730"]
[WhiteRD "45"]
[BlackElo "1688"]
[BlackRD "47"]
[GameID "199010"]

1. d4 Nf6 2. Nf3 e6 3. Bf4 d5 4. h3 c5 5. e3 Nc6 6. c3 cxd4 7. exd4 a6 8. Bd3 b5 9. a3 Bb7 10. Nbd2 Be7
11. O-O O-O 12. Re1 Qb6 13. Ne5 Rac8 14. Nxc6 Rxc6 15. Be5 Rfc8 16. Nf3 a5 17. Bxf6 Bxf6 18. Ne5 R6c7 19. Qh5 g6 20. Qf3 Bg7
21. Ng4 b4 22. axb4 axb4 23. Nf6+ Bxf6 24. Qxf6 bxc3 25. bxc3 Rxc3 26. Reb1 Qc7 27. Bf1 Bc6 28. Rb2 Rb8 29. Rba2 Qd8 30. Qe5 Rcb3
31. Rc1 Bb5 32. Rac2 Bxf1 33. Kxf1 Rb1 34. Rxb1 Rxb1+ 35. Ke2 Qb8 36. Qf6 Rb2 37. Rxb2 Qxb2+ 38. Ke3 Qc1+ 39. Ke2 Qh6 40. f3 Qg7
41. Qd8+ Qf8 42. Qf6 h5 43. g4 Qg7 44. Qf4 hxg4 45. hxg4 Kh7 46. Kd3 f5 47. g5 Qd7 48. Qe5 Qc6 49. Qh2+ Kg8 50. Qe5 Qd7
51. Qb8+ Kg7 52. Qe5+ Kg8=
1/2-1/2

[Event "Snorlax # 28"]
[Site "SchemingMind.com"]
[Date "2009.04.01"]
[Round "-"]
[White "XTC"]
[Black "Zugzwang"]
[Result "1-0"]
[WhiteCountry "COL"]
[BlackCountry "CAN"]
[WhiteElo "1601"]
[WhiteRD "68"]
[BlackElo "1482"]
[BlackRD "58"]
[GameID "199030"]

1. e4 e5 2. Nf3 Nf6 3. Nxe5 d6 4. Nxf7 Kxf7 5. d4 d5 6. e5 Ne8 7. Be2 c6 8. Bh5+ g6 9. Qf3+ Kg8 10. Qg3 Ng7
11. Bg4 Bxg4 12. Qxg4 Nd7 13. Nc3 Bb4 14. Bd2 Nb6 15. b3 Bxc3 16. Bxc3 Qe7 17. O-O Rf8 18. a3 c5 19. dxc5 Qxc5 20. Bb4 Qc8
21. Bxf8 Qxg4 22. Bc5 Kf7 23. Bxb6 axb6 24. Rad1 Nf5 25. Rxd5 h5 26. Rd7+ Ke6 27. Rxb7 Kxe5 28. Rxb6 Kf4 29. Rb4+ Kg5 30. Rxg4+ hxg4
31. c4 Rd8 32. b4 Ra8 33. Ra1 Nd4 34. c5 Kf5 35. a4 Nc2 36. Rb1 Rxa4 37. b5 Na3 38. Ra1 Rb4 39. b6 Ke5 40. Rd1 Nc4
41. g3 Rb5 42. Rd8 Na5 43. Rd6 Nb7 44. Rxg6 Nxc5 45. Rxg4 Rxb6 46. Rg5+ Kd4 47. h4 Nb3 48. h5 Nd2 49. Kg2 Rf6 50. Rg6 Rxg6
51. hxg6 Ne4 52. g4 Nf6 53. g5 Ng8 54. f4 Ke4 55. Kg3 Kf5 56. g7 Kg6 57. Kg4 Kxg7 58. f5
1-0

[Event "Snorlax # 28"]
[Site "SchemingMind.com"]
[Date "2009.04.03"]
[Round "-"]
[White "XTC"]
[Black "Orhany24"]
[Result "0-1"]
[WhiteCountry "COL"]
[BlackCountry "TUR"]
[WhiteElo "1601"]
[WhiteRD "68"]
[BlackElo "1752"]
[BlackRD "69"]
[GameID "199031"]

1. e4 e5 2. Nf3 Nc6 3. Bb5 d6 4. d4 exd4 5. Qxd4 Bd7 6. Bxc6 Bxc6 7. Nc3 Nf6 8. O-O Be7 9. Re1 O-O 10. a3 Re8
11. b4 a6 12. Bg5 Qd7 13. Nd5 Nxd5 14. exd5 Ba4 15. c4 Bf8 16. h3 h6 17. Qh4 hxg5 18. Nxg5 Bc2 19. Rxe8 Rxe8 20. Rc1 Bg6
21. Rc3 Qf5 22. Nf3 Be7 23. Qd4 Bf6
0-1

[Event "Snorlax # 28"]
[Site "SchemingMind.com"]
[Date "2009.04.02"]
[Round "-"]
[White "XTC"]
[Black "rao"]
[Result "1-0"]
[WhiteCountry "COL"]
[BlackCountry "INT"]
[WhiteElo "1632"]
[WhiteRD "69"]
[BlackElo "1546"]
[BlackRD "75"]
[GameID "199032"]

1. e4 e5 2. Nf3 Nc6 3. Bb5 d6 4. d4 Bd7 5. Nc3 a6 6. Bxc6 bxc6 7. dxe5 Bg4 8. h3 Bxf3 9. Qxf3 dxe5 10. O-O Bd6
11. Rd1 Qf6 12. Qxf6 Nxf6 13. f3 O-O 14. Bg5 Nh5 15. g4
1-0

[Event "Snorlax # 28"]
[Site "SchemingMind.com"]
[Date "2009.04.02"]
[Round "-"]
[White "XTC"]
[Black "crespov"]
[Result "0-1"]
[WhiteCountry "COL"]
[BlackCountry "CHI"]
[WhiteElo "1601"]
[WhiteRD "68"]
[BlackElo "1701"]
[BlackRD "73"]
[GameID "199033"]

1. e4 c5 2. Nf3 Nc6 3. Bb5 e6 4. O-O Nf6 5. Re1 a6 6. Bxc6 bxc6 7. d3 Be7 8. Nc3 O-O 9. h3 Re8 10. Ne2 d5
11. exd5 cxd5 12. b3 Bb7 13. Bb2 d4 14. Ng3 Qd5 15. Re5 Qc6 16. Qd2 Bd6 17. Rg5 h6 18. Rg4 Nxg4 19. hxg4 Bxg3 20. fxg3 Rad8
21. Ne5 Qd5 22. Re1 f6 23. Nf3 e5 24. a3 e4 25. Rxe4 Rxe4 26. dxe4 Qxe4 27. b4 cxb4 28. axb4 Qxg4 29. Qf4 Qxf4 30. gxf4 Bxf3
31. gxf3 d3 32. cxd3 Rxd3
0-1

[Event "Snorlax # 28"]
[Site "SchemingMind.com"]
[Date "2009.04.06"]
[Round "-"]
[White "XTC"]
[Black "Joe Daudish"]
[Result "1/2-1/2"]
[WhiteCountry "COL"]
[BlackCountry "USA"]
[WhiteElo "1601"]
[WhiteRD "68"]
[BlackElo "1730"]
[BlackRD "45"]
[GameID "199034"]

1. e4 e6 2. d4 d5 3. Nc3 Ne7 4. Nf3 Ng6 5. Bd3 Be7 6. O-O O-O 7. b3 c6 8. Bb2 dxe4 9. Nxe4 Nd7 10. Ng3 Nf6
11. Bxg6 hxg6 12. c4 b6 13. Re1 Bb7 14. Qc2 c5 15. Rad1 cxd4 16. Bxd4 Qc7 17. Be5 Qc6 18. Qc3 Rad8 19. h3 Rxd1 20. Rxd1 Rd8
21. Rxd8+ Bxd8 22. Qd4 Be7 23. Bxf6 Bxf6 24. Qd3 e5 25. Qf1 e4 26. Nd2 Qe6 27. Qe2 Bh4 28. Ngxe4 Bxe4 29. Qxe4 Qxe4 30. Nxe4 Be7
31. g4 g5 32. Kg2 f6 33. f3 Kf7 34. Nf2 Ke6 35. Nd3 Bd6 36. b4 Kd7 37. a3 Kc6 38. b5+ Kb7 39. a4 a6 40. Kf2 axb5
41. cxb5 Kc7 42. Nb2 Bc5+ 43. Ke2 Kd6 44. Kd3 Kd5 45. Nd1 g6 46. Nc3+ Ke5 47. Ne4 Bg1 48. Ke2 Bd4 49. Kd3 Bg1 50. Kc4 Be3
51. Kb4 f5 52. gxf5 gxf5 53. Ng3 Kf4 54. Nf1 Bf2 55. a5 bxa5+ 56. Kxa5 Kxf3 57. b6 Bxb6+ 58. Kxb6 f4 59. Kc5 Kg2 60. Nd2 Kxh3
61. Kd4 g4 62. Ke4 f3 63. Nf1 Kg2 64. Ne3+ Kg3 65. Nf1+ Kf2 66. Nh2 g3 67. Nxf3 g2=
1/2-1/2